000 00977cam a2200265 a 4500
999 _c7294
_d7294
001 1144810
003 OSt
005 20210929121024.0
008 950818s1996 enka b 001 0 eng
010 _a 95038725
020 _a0521460344 (hc)
040 _aDLC
_cDDC
_dDLC
050 0 0 _aQC176.8.E4
_bK864 1996
082 0 0 _a621.38224KOG 1996
100 1 _aKogan,Sh.;
_914964
245 1 0 _aElectronic noise and fluctuations in solids.
_cEdited by Kogan Sh.;
260 _aUSA
_bCambridge University Press,
_c1996.
300 _axviii,354p;
_bill.
_c26 cm.
504 _aIncludes; bibliographical references (p. 326-351) and index.
650 0 _aPhysics
_9809
856 4 2 _3Publisher description
_uhttp://www.loc.gov/catdir/description/cam027/95038725.html
906 _a7
_bcbc
_corignew
_d1
_eocip
_f19
_gy-gencatlg
942 _2ddc
_cO_SHELF